MARC

LEADER 00000nam0a2200000 4500
001 187693
005 20231101224102.0
035 |a (RuTPU)RU\TPU\book\203657 
035 |a RU\TPU\tpu\6132 
090 |a 187693 
100 |a 20101119d1951 k y0rusy50 ca 
101 0 |a rus 
102 |a RU 
105 |a a z 000zy 
200 1 |a Применение графического метода к исследованию схем вентиляции шахт Кузбасса  |f А. Ф. Каратаев  |g Министерство угольной промышленности СССР, Техническое управление по эксплуатации, Бюро технической информации 
210 |a Москва  |c Углетехиздат  |d 1951 
215 |a 20 с.  |c граф. 
316 |5 63413507: ШкА/6120  |a На обложке дарственная надпись: "Библиотеке ТПИ от автора. Каратаев. 13.12.1954 г." 
606 1 |a Шахты  |x Проветривание  |2 stltpush  |3 (RuTPU)RU\TPU\subj\19101  |9 44411 
610 1 |a горное дело 
610 1 |a труды учёных ТПУ 
610 1 |a дарственная надпись 
610 1 |a дары автора 
610 1 |a дары библиотеке 
610 1 |a коллекция ТПУ 
675 |a 622.45  |v 3 
700 1 |a Каратаев  |b А. Ф. 
712 0 2 |a Министерство угольной промышленности СССР  |b Техническое управление по эксплуатации  |b Бюро технической информации  |2 stltpush  |3 (RuTPU)RU\TPU\col\9525 
801 0 |a RU  |b 63413507  |c 20011210  |g PSBO 
801 2 |a RU  |b 63413507  |c 20200207  |g PSBO 
942 |c BK